|
|
|
|
| LEADER |
00794nam a22002172a 4500 |
| 001 |
000183754 |
| 003 |
CZ BrMZK |
| 005 |
19970107143423.0 |
| 008 |
970107s1986 pl f pol d |
| 040 |
|
|
|a BOA001
|b cze
|
| 100 |
1 |
|
|a Koźmian, Danuta
|
| 245 |
1 |
0 |
|a Kształcenie i dokształcanie nauczycieli szkół podstawowych w województwie Szczecińskim w latach 1945-1970 /
|c Danuta Koźmian
|
| 250 |
|
|
|a 1. vyd.
|
| 260 |
|
|
|a Warszawa :
|b Państwowe Wydawnictwo Naukowe,
|c 1986
|
| 300 |
|
|
|a 126 s.
|
| 490 |
1 |
|
|a Rozprawy i studia ;
|v t. 76
|
| 830 |
|
0 |
|a Rozprawy i studia
|
| 910 |
|
|
|a BOA001
|b PK-0103.170
|
| 964 |
|
|
|a Učitelé škol základních - Polsko - příprava - r.1945-1970
|
| 990 |
|
|
|a BK
|
| 996 |
7 |
|
|b 3119947328
|c PK-0103.170
|l MZK
|r Sklad / do 1 hodiny
|n 0
|w 000183754
|u 000010
|a 1
|e BOA001
|j MZK50
|s A
|